Statistiken für Berlin - Quiz

Klicken Sie hier um das Quiz zu spielen!

Allgemein

  • Dieses Quiz wurde 11.589 mal gespielt
  • Das Durchschnittsergebnis liegt bei 10 aus 20

Antwortstatistiken

HinweisAntwort% Korrekt
Bundesland, das Berlin umgibtBrandenburg
98%
Auf Berlins Wappen ist ein ...Bär
87%
Diese beiden Flüsse vereinigen sich in Berlin-SpandauSpree
84%
Höchster Turm DeutschlandsFernsehturm
83%
Die frühere Hauptstadt der BundesrepublikBonn
80%
Interessiert dich die Uhrzeit in Baku, so gehe auf diesen PlatzAlexanderplatz
73%
Weltberühmter Techno-Club in FriedrichshainBerghain
52%
Warenhaus in SchönebergKaDeWe
51%
Pack die Badehose ein, nimm dein kleines Schwesterlein und dann nischt wie raus nach ...Wannsee
51%
Zentrum des S-Bahn Netzes{Friedrich}straße
44%
Diese beiden Flüsse vereinigen sich in Berlin-SpandauHavel
44%
Versorgung von Westberlin durch US-FlugzeugeLuftbrücke
42%
Grenzübergang der Berliner Mauer an dieser StraßeCheckpoint Charlie
41%
Ost-Berliner NDW-Sängerin;
"Du hast den Farbfilm vergessen"
Nina Hagen
39%
Wo die erste deutsche Ampel stand{Potsdamer} Platz
38%
Dort ist Berlins FlughafenSchönefeld
37%
Einwohnerstärkster Berliner BezirkPankow
23%
Größter SeeMüggelsee
20%
Stadt in Mitte die älter ist als BerlinKölln
17%
Brücke zwischen Friedrichshain und Kreuzberg{Oberbaum}brücke
15%

Verteilung der Resultate

Perzentil nach korrekt beantworteten Fragen

Anzahl Personen mit jedem Resultat

Ihre Resultats-Entwicklung

Sie haben dieses Quiz noch nicht gespielt